Disney Channel - Statistics

Estatísticas Gerais
  • Esse quiz foi jogado 241 vezes
  • A pontuação média é 7 de 15
Estatísticas das Respostas
Hint Resposta % Correto
Quantos anos Lilly faz em "Hannah Montana: O Filme"? 16
89%
Jessie tinha um sonho antes de ser ama , qual é esse sonho? Atriz
78%
Qual é o emprego da mãe de Mitchie em "Camp Rock"? Cozinheira
77%
Qual é a cor do cavalo de Miley em "Hannah Montana: O Filme"? Branco
76%
Qual é a atriz que representa a K.C.? Zendaya
76%
No filme "Os Feiticeiros de Waverly Place: O Filme", quem dos irmãos pede para que os pais nunca tivessem se conhecido? Alex
63%
Em "Programa de Proteção para Princesas" o que a mãe de Rosalinda dá para ela antes dela fugir? Colar
51%
Em "Programa de Proteção Para Princesas" Mason e Carter trabalham em uma loja de? Iscas de pesca
40%
Qual cantora faz uma participação em "Hannah Montana: O Filme"? Taylor Swift
39%
O que Miley ajuda Travis a construir em "Hannah Montana: O Filme"? Celeiro
35%
Qual é o nome do acampamento rival ao Camp Rock em "Camp Rock 2"? Camp Star
33%
Qual era o nome da banda de Shane, Nate e Jason em "Camp Rock"? Connect 3
23%
No filme "Programa de Proteção para Princesas" qual é o nome do país da princesa Rosalinda? Costa Luna
13%
Quem venceu o Jam Final em Camp Rock? Peggy
11%
Em "Os Feiticeiros de Waverly Place: O Filme", para qual país a família Russo vai? Caraibe
0%
Nenhum quiz correspondente encontrado
Distribuição das Pontuações
Porcentagem de Pessoas com Cada Pontuação
Percentil de Números Respondidos
Sua Pontuação Histórica
Você não jogou esse quiz